| 000 | 01090nam a22002297a 4500 | ||
|---|---|---|---|
| 005 | 20250718152146.0 | ||
| 008 | 250718b |||||||| |||| 00| 0 eng d | ||
| 020 | _a978-81-316-0982-8 (hbk) | ||
| 037 | _cTB | ||
| 040 |
_aCRL _cCRL |
||
| 041 |
_2hin _ahin |
||
| 084 |
_aYwM 152Q8 _qCRL |
||
| 100 |
_aदोषी, एस. एल. _9816149 |
||
| 245 |
_aमुख्य समाजशास्त्रीय विचारक: _bपाश्चात्य एवं भारतीय चिंतक |
||
| 260 |
_aजयपुर, भारत; _aनई दिल्ली, भारत: _bरावत पब्लिकेशन्स, _c2018. |
||
| 300 | _a398पृ. | ||
| 650 |
_aस्मजशास्त्र _9816150 |
||
| 650 |
_aसामाजिक चिंतक _9816151 |
||
| 700 |
_aजैन, पी. सी. _eलेखक _9157022 |
||
| 942 |
_2CC _cTB _hYwM 152Q8 _n0 |
||
| 999 |
_c1434143 _d1434143 |
||